000
00269nam a22001337a 4500
082
_a
894.812.1
_b
PAI/A
100
_a
PAIKADA, ANNAMMA
245
_a
ABHIJATHAM
260
_a
ALUVA
_b
PEN BOOKS
_c
2005
300
_a
55
520
_a
POETRY
650
_a
POETRY
942
_c
BK
999
_c
4641
_d
4641